000 00557nam a2200181Ia 4500
008 090630s9999 xx 000 0 und d
082 _b16856
100 _aबेलसरे के. वि.
245 _aआनंद साधना.
_cबेलसरे के. वि.
260 _b---
300 _a0
600 _aबेलसरे के. वि.
630 _aआनंद साधना.
655 _aधार्मिक.
700 _aबेलसरे के. वि.
730 _aआनंद साधना.
942 _cBOOK
999 _c268712
_d268712